03657cam a22002895a 45000010009000000050017000090080041000260200030000670200015000970400028001120500025001400820029001651000027001942450091002212600054003123000033003665000024003995201526004235201093019496500050030426500062030926510010031546530036031649420008032009990017032089520142032251812838420150922133908.0140425s2014 nyua fr 001 0 eng d a9780071807913 (paperback) a0071807918 aDLCbengcDLCdEG-ScBUE00aHV8079.C65bW52 201404a363.25968028553222bWID1 aWidup, Suzanne.93843710aComputer forensics and digital investigation with Encase Forensic v7 /cSuzanne Widup. aNew York :bMCGraw-Hill Education Books,cc.2014. axx, 426 p. :bill. ;c24 cm. aIndex : p. 415-426. a"This practical, professional book provides a scenario-based guide to the industry's #1 digital forensics tool, EnCase Forensic Computer Forensics and Digital Investigation with EnCase Forensic shows how to uncover digital evidence in a fast, cost-effective, organized, and repeatable manner using the industry's leading digital investigation software. Part I addresses forensic readiness, setting up the software, and the basic interface. Part II lays out the case study used and how to navigate it step-by-step using the software. Part III details how to find clues and go deeper into investigations (finding hidden and deleted data). Part IV walks you through how to analyze the data, refine, and manipulate the results. Part V discusses the options for automating frequent tasks using EnCase Portable and the EnScript programming language. Sharpens the competitive edge of forensics practitioners through practice with the industry's #1 tool, EnCase Forensic Provides invaluable professional advice on the best working methods of digital forensic specialists An affordable learning option for this widely used tool Walks you through all the latest features to this first major software update in six years--EnCase Forensic v7 performs mobile device forensics (iPad, iPhone, Android, Blackberry, etc.), includes a completely revamped user interface, and streamlined organization of file, data, and report functions Commonly accessible evidence file toolkit allows you to put the book's case examples to the test "-- a"Maximize the powerful tools and features of the industry-leading digital investigation software. Computer Forensics and Digital Investigation with EnCase Forensic reveals, step by step, how to detect illicit activity, capture and verify evidence, recover deleted and encrypted artifacts, prepare court-ready documents, and ensure legal and regulatory compliance. The book illustrates each concept using downloadable evidence from the National Institute of Standards and Technology CFReDS. Customizable sample procedures are included throughout this practical guide.- Install EnCase Forensic v7 and customize the user interface - Prepare your investigation and set up a new case - Collect and verify evidence from suspect computers and networks - Use the EnCase Evidence Processor and Case Analyzer - Uncover clues using keyword searches and filter results through GREP - Work with bookmarks, timelines, hash sets, and libraries - Handle case closure, final disposition, and evidence destruction - Carry out field investigations using EnCase Portable - Learn to program in EnCase EnScript 0aComputer crimesxInvestigation.2BUEsh911331 0aComputer crimesxInvestigationxComputer programs.2BUEsh 2BUEsh bCOMSCIcJuly2015cSeptember2015 2ddc c20388d20360 00102ddc40708BaccahaMAINbMAINc1STd2015-07-30ePurchaseg400.00h21759l0o363.25968028553 WIDp000038975r2025-07-15 00:00:00yBB